00703nam a22001937a 4500999001900000005001700019010001300036020002600049035001300075037000900088082001400097100002100111245008200132260002900214270005600243300002600299942002800325952015600353 c178530d17853020210405170730.0 aB-738730 a9789350022122c495.00 aB-738730 bGift a335.43092 aThomas, Peter D. aThe gramscian moment:bphilosophy, hegemony and marxism /cby Peter D. Thomas bAakar Booksc2013aDelhi a28 E Pocket IV, Mayur Vihar, Phase IbDelhie110091 axxv, 477p.c24cm(pbk) 2ddccENh335.43092mTHO 001040708NFICaLbLd2021-04-05eGift/Eng/26-02-2021g495.00l1o335.43092 THOpB-738730r2025-07-31 00:00:00s2025-07-17t1v495.00w2021-04-05yEN